| 000 | 00655cam a22002171 4500 | ||
|---|---|---|---|
| 001 | ne 64001898 | ||
| 003 | DLC | ||
| 005 | 20260227111803.0 | ||
| 008 | 900926s1963 ua 000 0 ararc | ||
| 010 | _ane 64001898 | ||
| 025 | _aPL480:UAR-3671 | ||
| 035 | _a(OCoLC)22439011 | ||
| 040 |
_aPrinceton Univ. Libr. _cWaU _dDLC |
||
| 042 | _apremarc | ||
| 050 | 0 | 0 |
_aPJ7850.U53 _bT3 |
| 100 | 1 |
_aMuʼnis, Ḥusayn, _d1911- |
|
| 245 | 1 | 3 |
_aal-Ṭarīq al-abyaḍ, _bmasraḥīyah fī thamānīyah mashāhid. _cBi-qalam Ḥusayn Muʼnis. |
| 260 |
_aal-Qāhirah, _bMaktabat al-Nahḍah al-Miṣrīyah, _c1963. |
||
| 300 |
_a239 p. _c20 cm. |
||
| 500 | _aA play. | ||
| 999 |
_c47268 _d47268 |
||